| 000 | 00736nam a2200217Ia 4500 | ||
|---|---|---|---|
| 005 | 20241129111125.0 | ||
| 008 | 241129s9999||||xx |||||||||||||| ||und|| | ||
| 020 | _a978-81-8315-220-7 | ||
| 037 | _aTB | ||
| 040 |
_aCRL _bhin _cCRL |
||
| 041 |
_ahin _2hin |
||
| 084 |
_aQ42 152R3 _qCRL |
||
| 100 |
_aलामा, जी. के., संपा. _9168695 |
||
| 245 | 0 |
_aमहायान सूत्र - संग्रह _cलामा, जी. के., संपा. |
|
| 260 |
_aदिल्ली, भारत _bबुद्धिस्ट वर्ल्ड प्रैस _c2023 |
||
| 300 | _a184पृ0 | ||
| 365 |
_aINR _b950 |
||
| 650 | _aBuddhism | ||
| 942 |
_cTB _hQ42 152R3 |
||
| 999 |
_c1229039 _d1229039 |
||